| 000 | 00690nam a2200205Ii 4500 | ||
|---|---|---|---|
| 003 | JO-AjNU | ||
| 008 | 230605s9999||||xx |||||||||||||| ||und|| | ||
| 017 | _a2012/1/452 | ||
| 040 |
_aJO-AjNU _bara _erda _cJO-AjNU |
||
| 041 | _aara | ||
| 050 | 1 | 4 | _aPJ8060.D85 2012 |
| 100 | 3 |
_aالضمور، عماد, _eauthor _949966 |
|
| 245 | 0 | 0 | _aدراسات في الشعر الأردني المعاصر |
| 264 | 3 | 1 | _aعمان: وزارة الثقافة، 2012 |
| 300 | _a159ص | ||
| 336 |
_atext _btxt _2rdacontent |
||
| 337 |
_aunmediated _bn _2rdamedia |
||
| 338 |
_avolume _bnc _2rdacarrier |
||
| 650 | 4 |
_aالشعر العربي - الشعر الحديث - دراسات - الأردن _949967 |
|
| 999 |
_aA21980 _c25548 _d25548 |
||